000 01006cab a2200349 4500
001 ABS54774
008 090401t1996 xxu||||| |||| 00| 0 eng d
035 _a(Sirsi) u12212
041 _aeng
100 _aHanson, A.
245 _aMinerals of the UK: niche products to the rescue
260 _c1996
350 _a0
490 _aIndustrial Minerals
_v(342) March 1996, 27-53(15)
520 _aAn overview of the production and consumption of minerals in the UK. Details main areas of production (including data14,1i different mineral types and home and overseas markets.
650 _aBALL CLAY
650 _aCARBONATE MINERALS
650 _aFLUORSPAR
650 _aGYPSUM
650 _aINDUSTRIAL MINERALS
650 _aKAOLIN
650 _aMAGNESIA
650 _aMINERAL PRODUCTION
650 _aMINERALS MARKET
650 _aSALT
650 _aSILICA SAND
650 _aSLATE
650 _aSODA ASH
690 _aMINING AND MINERALS
942 _n0
948 _c04/03/1997
999 _c7817
_d7817